[Event "Bucharest Grand Prix op"]
[Site "Bucharest"]
[Date "2024.03.23"]
[Round "4"]
[White "Costescu, Mihnea Constantin"]
[Black "Cosma, Ioan"]
[Result "0-1"]
[WhiteElo "1951"]
[BlackElo "2316"]
[PlyCount "52"]
[EventDate "2024.03.23"]
[EventType "swiss (rapid)"]
[EventRounds "10"]
[EventCountry "ROU"]
[SourceTitle "CB13_2024"]
[SourceDate "2024.03.27"]
[SourceVersion "1"]
[SourceVersionDate "2024.03.27"]
[SourceQuality "1"]

1. d4 Nf6 2. Nf3 d5 3. c4 e6 4. Nc3 c5 5. cxd5 Nxd5 6. e4 Nxc3 7. bxc3 cxd4 8. cxd4 Bb4+ 9. Bd2 Bxd2+ 10. Qxd2 0-0 11. Be2 b6 12. 0-0 Bb7 13. Qe3 Nd7 14. Rfd1 Rc8 15. d5 exd5 16. exd5 Re8 17. Qd2 Nc5 18. Bb5 Rf8 19. Ne5 Ne4 20. Qb2 Nc3 21. Rd3 Nxb5 22. Qxb5 Rc5 23. Qb3 Rxd5 24. Rad1 Rxd3 25. Rxd3 Qg5 26. Nf3 Bxf3 0-1

[Event "Sebes GP op"]
[Site "Sebes"]
[Date "2023.11.04"]
[Round "2"]
[White "Costescu, Mihnea Constantin"]
[Black "Zatonskih, Anna"]
[Result "0-1"]
[WhiteElo "1945"]
[BlackElo "2363"]
[PlyCount "100"]
[EventDate "2023.11.04"]
[EventType "swiss"]
[EventRounds "10"]
[EventCountry "ROU"]
[SourceTitle "CB46_2023"]
[SourceDate "2023.11.15"]
[SourceVersion "1"]
[SourceVersionDate "2023.11.15"]
[SourceQuality "1"]

1. d4 d5 2. Nf3 Nf6 3. c4 e6 4. Nc3 Be7 5. Bf4 0-0 6. e3 b6 7. Rc1 c5 8. cxd5 Nxd5 9. Nxd5 exd5 10. Be2 Nc6 11. 0-0 c4 12. Nd2 b5 13. Bf3 Be6 14. b3 Nb4 15. bxc4 bxc4 16. a3 Nd3 17. Rc3 Nxf4 18. exf4 Bf6 19. Nb1 Rb8 20. Rc1 Qd6 21. Nc3 g6 22. a4 Rfd8 23. f5 gxf5 24. Re1 Rb3 25. Qd2 a6 26. Bd1 Rbb8 27. Re3 f4 28. Rf3 Bg5 29. Ne2 Bg4 30. Rg3 fxg3 31. Qxg5+ Qg6 32. Qf4 gxf2+ 33. Qxf2 Bxe2 34. Qxe2 Re8 35. Qf1 Rb2 36. Bf3 Qg5 37. Kh1 Reb8 38. Re1 Qf5 39. Qg1 Rb1 40. Bd1 Qd3 41. Rf1 R8b7 42. Re1 Kg7 43. h3 c3 44. Kh2 c2 45. Bxc2 Qxc2 46. Rxb1 Qxb1 47. Qe3 Qg6 48. Qe5+ Qf6 49. Qxd5 Re7 50. Qc5 Qf4+ 0-1

[Event "EU Union-ch U14"]
[Site "Kouty nad Desnou"]
[Date "2019.08.23"]
[Round "8"]
[White "Costescu, Mihnea Constantin"]
[Black "Handlovsky, Jachym"]
[Result "1-0"]
[WhiteElo "1570"]
[BlackElo "1328"]
[PlyCount "65"]
[EventDate "2019.08.16"]
[EventType "swiss"]
[EventRounds "9"]
[EventCountry "CZE"]
[SourceTitle "EXT 2020"]
[Source "ChessBase"]
[SourceDate "2019.10.17"]
[SourceVersion "1"]
[SourceVersionDate "2019.10.17"]
[SourceQuality "1"]

1. d4 d5 2. c4 e6 3. Nf3 Nf6 4. Nc3 Be7 5. Bf4 0-0 6. e3 b6 7. Rc1 dxc4 8. Bxc4 Bb7 9. 0-0 a6 10. h3 Nbd7 11. a4 c5 12. d5 exd5 13. Nxd5 Nxd5 14. Bxd5 Bxd5 15. Qxd5 Qc8 16. Rfd1 Rd8 17. Ng5 Bxg5 18. Bxg5 Nf6 19. Qb3 Qc6 20. Qc4 h6 21. Bf4 Ne4 22. f3 Nf6 23. Rxd8+ Rxd8 24. Qxa6 Ra8 25. Rxc5 Rxa6 26. Rxc6 Rxa4 27. Rxb6 Nd5 28. Rb8+ Kh7 29. Kf2 Nxf4 30. exf4 Rxf4 31. b4 Kg6 32. Ke3 Kf5 33. Rb5+ 1-0

[Event "EU Union-ch U14"]
[Site "Kouty nad Desnou"]
[Date "2019.08.21"]
[Round "6"]
[White "Costescu, Mihnea Constantin"]
[Black "Subjakova, Kristina"]
[Result "0-1"]
[WhiteElo "1570"]
[BlackElo "1680"]
[PlyCount "84"]
[EventDate "2019.08.16"]
[EventType "swiss"]
[EventRounds "9"]
[EventCountry "CZE"]
[SourceTitle "EXT 2020"]
[Source "ChessBase"]
[SourceDate "2019.10.17"]
[SourceVersion "1"]
[SourceVersionDate "2019.10.17"]
[SourceQuality "1"]

1. d4 d5 2. Nf3 Nf6 3. c4 e6 4. Nc3 Bb4 5. Qa4+ Nc6 6. e3 0-0 7. Qc2 Qe8 8. cxd5 exd5 9. Bd3 Bg4 10. 0-0 Bxf3 11. gxf3 Bd6 12. a3 a6 13. Ne2 g6 14. e4 Nd7 15. e5 Nxd4 16. Nxd4 Qxe5 17. f4 Qxd4 18. Be3 Qf6 19. Qd2 d4 20. Qc2 dxe3 21. fxe3 Bc5 22. Rae1 Rfe8 23. Qd2 Qe6 24. Rf3 Qg4+ 25. Rg3 Qxf4 26. Kh1 Qd6 27. Qe2 Re5 28. Bc4 Rae8 29. e4 Nf6 30. Qf3 Rxe4 31. Rc1 Re1+ 32. Rxe1 Rxe1+ 33. Kg2 Rg1+ 34. Kh3 Rxg3+ 35. hxg3 c6 36. g4 Bg1 37. Kg2 Qh2+ 38. Kf1 Bd4 39. g5 Qg1+ 40. Ke2 Qxg5 41. Kd3 Bxb2 42. Ba2 Qf5+ 0-1

[Event "EU Union-ch U14"]
[Site "Kouty nad Desnou"]
[Date "2019.08.20"]
[Round "5"]
[White "Costescu, Mihnea Constantin"]
[Black "Pragai, Rares Alexandru"]
[Result "0-1"]
[WhiteElo "1570"]
[BlackElo "1704"]
[PlyCount "84"]
[EventDate "2019.08.16"]
[EventType "swiss"]
[EventRounds "9"]
[EventCountry "CZE"]
[SourceTitle "EXT 2020"]
[Source "ChessBase"]
[SourceDate "2019.10.17"]
[SourceVersion "1"]
[SourceVersionDate "2019.10.17"]
[SourceQuality "1"]

1. d4 Nf6 2. Nf3 e6 3. c4 b6 4. Nc3 Bb4 5. Qb3 Bxc3+ 6. bxc3 Ne4 7. d5 Na6 8. Be3 0-0 9. g3 Nac5 10. Qc2 Ba6 11. Bg2 Bxc4 12. Ne5 Bxd5 13. c4 Bb7 14. 0-0 d6 15. Rad1 Qe8 16. Nf3 Qa4 17. Qxa4 Nxa4 18. Ng5 Nec5 19. Bd4 Bxg2 20. Kxg2 e5 21. Ba1 h6 22. Nf3 Ne4 23. Rd3 f5 24. Nd2 Nac5 25. Rd5 c6 26. Nxe4 cxd5 27. Nxc5 bxc5 28. cxd5 Rab8 29. f4 e4 30. Rc1 Rb5 31. Kf2 Rfb8 32. Rc2 R8b6 33. Bc3 Ra6 34. Ke3 Ra3 35. g4 g6 36. gxf5 gxf5 37. Kf2 Kh7 38. Kg3 Rb4 39. Kh4 Rc4 40. Rb2 Rcxc3 41. Rb7+ Kg6 42. Rd7 Rh3# 0-1

[Event "EU Union-ch U14"]
[Site "Kouty nad Desnou"]
[Date "2019.08.16"]
[Round "1"]
[White "Costescu, Mihnea Constantin"]
[Black "Nadzamova, Viktoria"]
[Result "0-1"]
[WhiteElo "1570"]
[BlackElo "1901"]
[PlyCount "108"]
[EventDate "2019.08.16"]
[EventType "swiss"]
[EventRounds "9"]
[EventCountry "CZE"]
[SourceTitle "EXT 2020"]
[Source "ChessBase"]
[SourceDate "2019.10.17"]
[SourceVersion "1"]
[SourceVersionDate "2019.10.17"]
[SourceQuality "1"]

1. d4 Nf6 2. Nf3 e6 3. c4 b6 4. Nc3 Bb7 5. a3 d5 6. cxd5 exd5 7. g3 Bd6 8. Bg2 0-0 9. 0-0 Re8 10. Bg5 Nbd7 11. Re1 h6 12. Bd2 Ne4 13. Nb5 Nxd2 14. Qxd2 Bf8 15. Qf4 Bc6 16. Nc3 Nf6 17. Ne5 Bb7 18. Rac1 c6 19. Qd2 Bd6 20. f4 a6 21. Na4 Bxe5 22. fxe5 Nd7 23. e4 dxe4 24. Bxe4 Nxe5 25. Qc3 Ng4 26. Bf3 Rxe1+ 27. Rxe1 Nf6 28. Qb4 c5 29. Qxb6 Qxd4+ 30. Kg2 Bxf3+ 31. Kxf3 Qxa4 32. Re7 Re8 33. Qxc5 Rxe7 34. Qxe7 Qb3+ 35. Kg2 Qxb2+ 36. Kh3 Qd4 37. Qe2 Qd7+ 38. Kg2 Qd5+ 39. Kg1 Qc5+ 40. Kg2 Qxa3 41. Qc2 a5 42. Qc8+ Qf8 43. Qa6 Qd8 44. Kh3 Qd7+ 45. Kg2 a4 46. h4 Qd5+ 47. Kh2 Ng4+ 48. Kg1 Qf3 49. Qc8+ Kh7 50. Qc2+ g6 51. Qa2 Qxg3+ 52. Kf1 Qf2+ 53. Qxf2 Nxf2 54. Kxf2 a3 0-1

[Event "ROM-ch U14"]
[Site "Calimanesti Caciulata"]
[Date "2019.04.21"]
[Round "8"]
[White "Costescu, Mihnea Constantin"]
[Black "Rata, Andrei"]
[Result "1-0"]
[WhiteElo "1589"]
[BlackElo "1407"]
[PlyCount "45"]
[EventDate "2019.04.15"]
[EventType "swiss"]
[EventRounds "9"]
[EventCountry "ROU"]
[SourceTitle "CBM 190 Extra"]
[Source "ChessBase"]
[SourceDate "2019.07.15"]
[SourceVersion "1"]
[SourceVersionDate "2019.07.15"]
[SourceQuality "1"]

1. d4 Nf6 2. Nf3 e6 3. c4 c5 4. d5 b5 5. dxe6 fxe6 6. cxb5 a6 7. Nc3 axb5 8. Nxb5 Ba6 9. Nd6+ Bxd6 10. Qxd6 Ne4 11. Qd1 0-0 12. g3 Nc6 13. Be3 d5 14. Bh3 Qf6 15. 0-0 d4 16. Nd2 Nxd2 17. Bxd2 d3 18. exd3 Ne5 19. Bg2 Rad8 20. Bc3 Rxd3 21. Qe2 Nf3+ 22. Bxf3 Qxf3 23. Qxe6+ 1-0

[Event "ROM-ch U14"]
[Site "Calimanesti Caciulata"]
[Date "2019.04.20"]
[Round "7"]
[White "Gligor, Horia Teodor"]
[Black "Costescu, Mihnea Constantin"]
[Result "1/2-1/2"]
[WhiteElo "1289"]
[BlackElo "1589"]
[PlyCount "124"]
[EventDate "2019.04.15"]
[EventType "swiss"]
[EventRounds "9"]
[EventCountry "ROU"]
[SourceTitle "CBM 190 Extra"]
[Source "ChessBase"]
[SourceDate "2019.07.15"]
[SourceVersion "1"]
[SourceVersionDate "2019.07.15"]
[SourceQuality "1"]

1. e4 c5 2. Nc3 g6 3. f4 Bg7 4. Nf3 Nc6 5. Bb5 Nd4 6. 0-0 Nxb5 7. Nxb5 d6 8. d3 Bd7 9. Nc3 e6 10. Bd2 Ne7 11. Qe1 0-0 12. Qh4 Nc6 13. Qh3 a6 14. a3 Nd4 15. Nxd4 Bxd4+ 16. Be3 Bg7 17. Qg3 Bc6 18. Rad1 b5 19. e5 dxe5 20. Bxc5 Re8 21. fxe5 a5 22. b4 axb4 23. axb4 Ra3 24. d4 Qa8 25. Rd3 Ra1 26. Bd6 Rc8 27. Bc5 Rd8 28. Qf2 Rd7 29. Rxa1 Qxa1+ 30. Qf1 Qb2 31. Qe2 Qc1+ 32. Qd1 Qb2 33. Qb1 Qxb1+ 34. Nxb1 Be4 35. Rd2 f6 36. Re2 Bf5 37. Kf2 Kf7 38. Na3 fxe5 39. dxe5 Bg4 40. Re4 Rd2+ 41. Kf1 Rd1+ 42. Kf2 Rd2+ 43. Kg3 Bf5 44. Re3 Rd5 45. Bd6 Ke8 46. c4 bxc4 47. Nxc4 Rd4 48. Na3 Bh6 49. Rb3 Bf4+ 50. Kf2 Be4 51. g3 Bg5 52. h4 Bh6 53. b5 Rd2+ 54. Ke1 Bd5 55. b6 Bxb3 56. b7 Rd1+ 57. Kf2 Rd2+ 58. Kf1 Rd1+ 59. Ke2 Rd2+ 60. Kf1 Rd1+ 61. Ke2 Rd2+ 62. Kf1 Rd1+ 1/2-1/2

[Event "EU Union-ch U12"]
[Site "Kouty nad Desnou"]
[Date "2018.08.11"]
[Round "5"]
[White "Nespora, Tatana"]
[Black "Costescu, Mihnea Constantin"]
[Result "0-1"]
[WhiteElo "1290"]
[BlackElo "1517"]
[PlyCount "90"]
[EventDate "2018.08.07"]
[EventType "swiss"]
[EventRounds "9"]
[EventCountry "CZE"]
[SourceTitle "CBM 186 Extra"]
[Source "ChessBase"]
[SourceDate "2018.08.24"]
[SourceVersion "1"]
[SourceVersionDate "2018.08.24"]
[SourceQuality "1"]

1. e4 c5 2. b4 e5 3. Nf3 Qc7 4. Bb2 Nc6 5. Bc4 h6 6. 0-0 Nf6 7. Nc3 cxb4 8. Nb5 Qb8 9. Re1 Be7 10. d4 0-0 11. d5 Na5 12. d6 Nxc4 13. dxe7 Re8 14. Bc1 a6 15. Nc3 bxc3 16. Qd3 b5 17. Nh4 Qd6 18. Qg3 Nxe4 19. Qg4 Nf6 20. Qg3 e4 21. Bf4 Qe6 22. Nf3 Nh5 23. Qh4 Nxf4 24. Qxf4 Bb7 25. Nd4 Qe5 26. Qxe5 Nxe5 27. Nf5 Bc6 28. f4 Nc4 29. Rad1 Kh7 30. Nd6 Nxd6 31. Rxd6 Rxe7 32. Re3 Rae8 33. Kf2 Re6 34. Rd1 b4 35. g4 a5 36. Kg3 g5 37. f5 Re5 38. Rd6 Rd5 39. Rxd5 Bxd5 40. h4 Bxa2 41. hxg5 hxg5 42. Re1 d5 43. Rh1+ Kg7 44. Rh5 f6 45. Rh1 d4 0-1

[Event "EU Union-ch U12"]
[Site "Kouty nad Desnou"]
[Date "2018.08.10"]
[Round "4"]
[White "Costescu, Mihnea Constantin"]
[Black "Janous, Marek"]
[Result "1-0"]
[WhiteElo "1517"]
[BlackElo "1505"]
[PlyCount "62"]
[EventDate "2018.08.07"]
[EventType "swiss"]
[EventRounds "9"]
[EventCountry "CZE"]
[SourceTitle "CBM 186 Extra"]
[Source "ChessBase"]
[SourceDate "2018.08.24"]
[SourceVersion "1"]
[SourceVersionDate "2018.08.24"]
[SourceQuality "1"]

1. d4 Nf6 2. Nf3 g6 3. c4 Bg7 4. g3 0-0 5. Bg2 d6 6. 0-0 Nbd7 7. Nc3 e5 8. e4 c6 9. h3 exd4 10. Nxd4 Nc5 11. Re1 Re8 12. Bf4 Nh5 13. Be3 a5 14. Qc2 Qe7 15. Rad1 Nf6 16. Bf4 Nh5 17. Nf5 gxf5 18. Bxd6 Qe6 19. Bxc5 Qxc4 20. Be3 fxe4 21. Bxe4 Nf6 22. Bd3 Qe6 23. Bf1 Qf5 24. Qd2 Nd7 25. Bf4 Rxe1 26. Rxe1 Be5 27. Bd3 Bxf4 28. gxf4 Qxh3 29. Re3 Qh4 30. Rg3+ Kf8 31. Bf5 Nf6 1-0

[Event "ROM-ch U12"]
[Site "Calimanesti"]
[Date "2018.03.28"]
[Round "2"]
[White "Costescu, Mihnea Constantin"]
[Black "Nicoara, Vlad Mihnea"]
[Result "1-0"]
[WhiteElo "1362"]
[BlackElo "1101"]
[PlyCount "43"]
[EventDate "2018.03.27"]
[EventType "swiss"]
[EventRounds "9"]
[EventCountry "ROU"]
[SourceTitle "CBM 183 Extra"]
[Source "ChessBase"]
[SourceDate "2018.04.19"]
[SourceVersion "1"]
[SourceVersionDate "2018.04.19"]
[SourceQuality "1"]

1. d4 d5 2. c4 e6 3. Nf3 Nf6 4. Nc3 Bb4 5. Qa4+ Nc6 6. e3 Bxc3+ 7. bxc3 Bd7 8. Qc2 b6 9. cxd5 Nxd5 10. Bd3 Nf6 11. Ba3 h6 12. 0-0 a5 13. Rab1 Bc8 14. Rfd1 Bb7 15. Bb5 Nd7 16. d5 Na7 17. dxe6 c5 18. exf7+ Kf8 19. Rxd7 Qc8 20. Ne5 g5 21. Ng6+ Kg7 22. f8Q# 1-0

[Event "EU-ch U12 27th"]
[Site "Mamaia"]
[Date "2017.09.11"]
[Round "6"]
[White "Costescu, Mihnea Constantin"]
[Black "Heldenbergh, Nils"]
[Result "0-1"]
[WhiteElo "1468"]
[BlackElo "1592"]
[PlyCount "70"]
[EventDate "2017.09.05"]
[EventType "swiss"]
[EventRounds "9"]
[EventCountry "ROU"]
[SourceTitle "CBM 180 Extra"]
[Source "ChessBase"]
[SourceDate "2017.10.06"]
[SourceVersion "1"]
[SourceVersionDate "2017.10.06"]
[SourceQuality "1"]

1. d4 e6 2. c4 Nf6 3. Nf3 b6 4. Nc3 Bb4 5. g3 Ba6 6. Qa4 Bxc3+ 7. bxc3 Bb7 8. Ba3 Ne4 9. Qc2 c5 10. Bg2 Qc7 11. 0-0 0-0 12. Rad1 d6 13. Bb2 Nd7 14. d5 Nef6 15. Ng5 e5 16. f4 Rae8 17. Bc1 h6 18. fxe5 Rxe5 19. Ne4 Rfe8 20. Rf4 Nxe4 21. Rxe4 Bc8 22. Bf4 Rxe4 23. Bxe4 Nf6 24. Bd3 Qe7 25. Rf1 Bg4 26. Qd2 Ne4 27. Qc2 Ng5 28. Bc1 Bxe2 29. Bxg5 hxg5 30. Bh7+ Kh8 31. Rf2 Bxc4 32. Qf5 g6 33. Qh3 Qe1+ 34. Kg2 Bxd5+ 35. Rf3 Re2# 0-1

[Event "EU-ch U12 27th"]
[Site "Mamaia"]
[Date "2017.09.08"]
[Round "4"]
[White "Costescu, Mihnea Constantin"]
[Black "Qojle, Albion"]
[Result "1/2-1/2"]
[WhiteElo "1468"]
[BlackElo "1112"]
[PlyCount "43"]
[EventDate "2017.09.05"]
[EventType "swiss"]
[EventRounds "9"]
[EventCountry "ROU"]
[SourceTitle "CBM 180 Extra"]
[Source "ChessBase"]
[SourceDate "2017.10.06"]
[SourceVersion "1"]
[SourceVersionDate "2017.10.06"]
[SourceQuality "1"]

1. d4 Nf6 2. Nf3 g6 3. c4 Bg7 4. g3 0-0 5. Bg2 d6 6. 0-0 c6 7. Nc3 Nbd7 8. h3 h6 9. Qc2 Qc7 10. a4 a5 11. e4 e5 12. d5 Rd8 13. Be3 Nb8 14. Nd2 Na6 15. Nb3 Nb4 16. Qd2 Na6 17. Bxh6 Bd7 18. Be3 c5 19. Nb5 Bxb5 20. axb5 Nb4 21. f4 Nd7 22. Nc1 1/2-1/2

[Event "EU-ch U12 27th"]
[Site "Mamaia"]
[Date "2017.09.05"]
[Round "1"]
[White "Shehzad, Shazil Khan"]
[Black "Costescu, Mihnea Constantin"]
[Result "1-0"]
[WhiteElo "1845"]
[BlackElo "1468"]
[PlyCount "61"]
[EventDate "2017.09.05"]
[EventType "swiss"]
[EventRounds "9"]
[EventCountry "ROU"]
[SourceTitle "CBM 180 Extra"]
[Source "ChessBase"]
[SourceDate "2017.10.06"]
[SourceVersion "1"]
[SourceVersionDate "2017.10.06"]
[SourceQuality "1"]

1. e4 c5 2. Nf3 e6 3. d4 cxd4 4. Nxd4 a6 5. Bd3 Qc7 6. 0-0 Nf6 7. Qe2 d6 8. c4 Nbd7 9. b3 Be7 10. Nc3 0-0 11. f4 Nc5 12. Bc2 Ncd7 13. Bb2 b6 14. Rac1 Bb7 15. f5 Ne5 16. fxe6 Bc8 17. exf7+ Rxf7 18. Nd5 Qc5 19. b4 Qxc4 20. Nxe7+ Rxe7 21. Bb3 Be6 22. Bxc4 Bxc4 23. Qd1 Rae8 24. Nf5 Rd7 25. Rf3 Nxf3+ 26. Qxf3 Bxa2 27. Nxg7 Rxg7 28. Qxf6 Ree7 29. Rf1 Ref7 30. Qd8+ Rf8 31. Qxf8# 1-0

[Event "EU Union-ch U12"]
[Site "Kouty nad Desnou"]
[Date "2017.08.23"]
[Round "5"]
[White "Rejniak, Zuzanna"]
[Black "Costescu, Mihnea Constantin"]
[Result "1-0"]
[WhiteElo "1650"]
[BlackElo "1355"]
[PlyCount "139"]
[EventDate "2017.08.19"]
[EventType "swiss"]
[EventRounds "9"]
[EventCountry "CZE"]
[SourceTitle "CBM 180 Extra"]
[Source "ChessBase"]
[SourceDate "2017.10.06"]
[SourceVersion "1"]
[SourceVersionDate "2017.10.06"]
[SourceQuality "1"]

1. Nf3 d5 2. c4 c6 3. e3 Bf5 4. Nc3 e6 5. Be2 Nf6 6. d4 Nbd7 7. 0-0 Be7 8. a3 0-0 9. b3 a6 10. Bb2 Qc7 11. Rc1 dxc4 12. bxc4 Rfd8 13. Qb3 Nb6 14. Rfd1 Rac8 15. a4 a5 16. h3 Bb4 17. Na2 Be7 18. Ba3 Bxa3 19. Qxa3 c5 20. dxc5 Rxd1+ 21. Rxd1 Nbd7 22. Nd4 Be4 23. f3 Bg6 24. Nb5 Qxc5 25. Qxc5 Nxc5 26. Nac3 h6 27. e4 Bh5 28. Kf2 Bg6 29. Rd6 Ne8 30. Rd1 Nc7 31. Rb1 Nxb5 32. Rxb5 f6 33. Rb2 Be8 34. Ra2 Na6 35. Nb5 Nb4 36. Rd2 Bc6 37. Na7 Re8 38. Nxc6 Nxc6 39. Rd7 Rb8 40. c5 Kf8 41. Bb5 Ne5 42. Rd6 Ke7 43. f4 Nf7 44. Rd7+ Kf8 45. g3 e5 46. Bc4 Nd8 47. fxe5 fxe5 48. Bd5 Rc8 49. Kf3 g6 50. h4 Nc6 51. Rxb7 Nd4+ 52. Ke3 Rxc5 53. Kd3 Nc6 54. Bxc6 Rxc6 55. Rb5 Rd6+ 56. Ke3 Rd4 57. Rxa5 Ke7 58. Rxe5+ Kd6 59. Kxd4 h5 60. a5 Kc6 61. Rd5 Kb7 62. e5 g5 63. e6 gxh4 64. gxh4 Ka6 65. e7 Kb7 66. e8Q Ka7 67. Qe7+ Ka6 68. Qe6+ Kb7 69. Rd7+ Kc8 70. Qe8# 1-0

[Event "ROM-ch U10"]
[Site "Calimanesti Caciulata"]
[Date "2016.04.24"]
[Round "8"]
[White "Simon, Cristian Eduard"]
[Black "Costescu, Mihnea Constantin"]
[Result "0-1"]
[WhiteElo "1184"]
[BlackElo "1158"]
[PlyCount "43"]
[EventDate "2016.04.18"]
[EventType "swiss"]
[EventRounds "9"]
[EventCountry "ROU"]
[SourceTitle "EXT 2017"]
[Source "ChessBase"]
[SourceDate "2016.10.25"]
[SourceVersion "1"]
[SourceVersionDate "2016.10.25"]
[SourceQuality "1"]

1. e4 c5 2. c3 e6 3. d4 d5 4. e5 Nc6 5. Bb5 Qb6 6. Bxc6+ bxc6 7. Nf3 Ba6 8. Qc2 Be7 9. Be3 Nh6 10. b3 Nf5 11. c4 cxd4 12. Bf4 0-0 13. 0-0 Rac8 14. Rd1 dxc4 15. bxc4 c5 16. Nbd2 Rfd8 17. Qb3 h6 18. Ne4 Bb7 19. Qd3 Qc6 20. Ng3 Nxg3 21. Bxg3 Qe4 22. Qd2 0-1

[Event "ROM-ch U10"]
[Site "Calimanesti Caciulata"]
[Date "2016.04.20"]
[Round "3"]
[White "Radu, Andrei1111"]
[Black "Costescu, Mihnea Constantin"]
[Result "1/2-1/2"]
[WhiteElo "1024"]
[BlackElo "1158"]
[PlyCount "42"]
[EventDate "2016.04.18"]
[EventType "swiss"]
[EventRounds "9"]
[EventCountry "ROU"]
[SourceTitle "CBM 172 Extra"]
[Source "ChessBase"]
[SourceDate "2016.06.21"]
[SourceVersion "1"]
[SourceVersionDate "2016.06.21"]
[SourceQuality "1"]

1. e4 c5 2. Nf3 e6 3. Nc3 Nc6 4. d3 a6 5. a3 Nf6 6. Be2 Qc7 7. h3 Be7 8. Be3 b5 9. 0-0 0-0 10. a4 b4 11. Na2 Bb7 12. b3 a5 13. Qd2 d6 14. Rac1 Nb8 15. c3 bxc3 16. Nxc3 Nbd7 17. Rfe1 Bd8 18. d4 Nxe4 19. Nxe4 Bxe4 20. dxc5 dxc5 21. Red1 Ra7 1/2-1/2

[Event "ROM-ch U10"]
[Site "Calimanesti"]
[Date "2015.04.05"]
[Round "8"]
[White "Costescu, Mihnea Constantin"]
[Black "Simon, Cristian Eduard"]
[Result "1/2-1/2"]
[WhiteElo "1001"]
[BlackElo "1138"]
[PlyCount "99"]
[EventDate "2015.03.30"]
[EventType "swiss"]
[EventRounds "9"]
[EventCountry "ROU"]
[SourceTitle "CBM 165 Extra"]
[Source "ChessBase"]
[SourceDate "2015.04.21"]
[SourceVersion "1"]
[SourceVersionDate "2015.04.21"]
[SourceQuality "1"]

1. e4 c5 2. Nf3 g6 3. d4 cxd4 4. Qxd4 Nf6 5. Nc3 Nc6 6. Qa4 d6 7. Be3 a6 8. Qc4 Bg7 9. Qd3 Nb4 10. Qd2 0-0 11. 0-0-0 Be6 12. Kb1 Qa5 13. a3 Nc6 14. h4 Ng4 15. Bd4 Nxd4 16. Nxd4 Bxd4 17. Qxd4 Qc5 18. Qxc5 dxc5 19. Rd2 Rad8 20. Rxd8 Rxd8 21. Be2 Nxf2 22. Rf1 Ng4 23. Rd1 Rxd1+ 24. Bxd1 Ne3 25. Bf3 f5 26. e5 Nc4 27. Bxb7 a5 28. Bd5 Bxd5 29. Nxd5 e6 30. Nc7 Nxe5 31. Nxe6 c4 32. b3 cxb3 33. cxb3 Nc6 34. Kc2 h6 35. Kc3 Kf7 36. Nf4 g5 37. hxg5 hxg5 38. Nh5 f4 39. b4 axb4+ 40. axb4 Nxb4 41. Kxb4 Kg6 42. Nxf4+ gxf4 43. Kc3 Kg5 44. Kd2 Kg4 45. Ke2 Kg3 46. Kf1 Kg4 47. Kf2 Kh4 48. Kf3 Kg5 49. g4 fxg3 50. Kxg3 1/2-1/2